00399nam a2200145Ia 4500008004100000020001500041041000800056082001500064100001800079245008700097250000600184260004400190300001000234650000900244210716s2004 xx 000 0 und d a8178813815 aeng a174.4 CHAV aChary, V R K. aEthics in accounting: global cases and experiences.bGlobal cases and experiences. a1 aHyderabadbICFAI University Pressc2004 av,282 aNone